Ball Knowledge (2025) - Statistics

General Stats
  • This quiz has been taken 121 times
  • The average score is 8 of 15
Answer Stats
Question Answer % Correct
Where was the FIFA World Cup 2014 held? Brazil
85%
What team signed Nico Paz on loan after being promoted in the 2024/2025 season? Como
70%
Who won the 2024/2025 FA Cup? Crystal Palace
63%
What is the name of Real Madrid's Academy? La Fabrica
62%
What Month is Lamine Yamal's Birthday? July
61%
Which of the following teams is NOT in the FIFA Club World Cup 2025? FC Barcelona
56%
What was the result of the 2006 World Cup final between Italy and France? Draw, Italy wins on pens
53%
What is the name of the multi club ownership group who owns Liverpool? FSG
52%
What is the Nickname of Manchester United's stadium "Old Trafford?" Theatre of Dreams
51%
Who was the captain of the Ajax Semifinal run of 18/19? Tadić
49%
What country provides finances and funds to PSG (Paris-Saint-Germain)? Qatar
47%
What brand sponsors American footballer Christian Pulisic? Puma
45%
Who was the name of the USMNT's coach who got fired after Copa America 2024? Gregg Berhalter
36%
When was the MLS (Major League Soccer) Founded? 1995
29%
In what game did Myles Lewis Skelly First start for Arsenal? Everton Home
22%
No matching quizzes found
Score Distribution
Percent of People with Each Score
Percentile by Number Answered
Your Score History
You have not taken this quiz